[Event "chess.com SpeedChess Q2Sw"]
[Site "chess.com INT"]
[Date "2022.11.12"]
[Round "7"]
[White "Alekseenko, Kirill"]
[Black "Firat, Burak"]
[Result "1-0"]
[WhiteTitle "GM"]
[BlackTitle "GM"]
[WhiteElo "2687"]
[BlackElo "2460"]
[WhiteFideId "4135539"]
[BlackFideId "6305881"]
[EventDate "2022.11.12"]

1. e4 e5 2. Nf3 Nc6 3. Bc4 Nf6 4. d3 Bc5 5. Nc3 h6 6. h3 a6 7. a4 d6 8. Be3 Bb4
9. O-O O-O 10. Nd5 Nxd5 11. Bxd5 Ne7 12. Ba2 Ba5 13. Nh4 Be6 14. Bxe6 fxe6 15.
Qg4 Rf6 16. f4 exf4 17. Rxf4 Rxf4 18. Bxf4 Bb6+ 19. Kh1 g5 20. Bxg5 hxg5 21.
Qxg5+ Kh7 22. Rf1 Qe8 23. Rf6 Ng8 24. Rg6 Be3 25. Qxe3 Qe7 26. Qf3 1-0

[Event "chess.com SpeedChess Q2Sw"]
[Site "chess.com INT"]
[Date "2022.11.12"]
[Round "7"]
[White "Shimanov, Aleksandr"]
[Black "Peyrer, Konstantin"]
[Result "1-0"]
[WhiteTitle "GM"]
[BlackTitle "FM"]
[WhiteElo "2581"]
[BlackElo "2393"]
[WhiteFideId "4198603"]
[BlackFideId "1640879"]
[EventDate "2022.11.12"]

1. e4 e6 2. d4 d5 3. Nc3 Nf6 4. Bg5 dxe4 5. Nxe4 Be7 6. Nxf6+ Bxf6 7. Bxf6 Qxf6
8. Nf3 O-O 9. Qd3 c5 10. O-O-O Rd8 11. Qe4 Nc6 12. Bd3 Qh6+ 13. Kb1 cxd4 14. g4
e5 15. Nxe5 Nxe5 16. Qxe5 Bxg4 17. Rde1 Be6 18. Rhg1 Rd5 19. Qc7 Rd7 20. Qe5 Rc8
21. f4 Rd5 22. Qe4 Qh5 23. Rg5 Rxg5 24. fxg5 b6 25. h4 Rd8 26. a4 g6 27. Be2 Bd5
28. Qe7 1-0

[Event "chess.com SpeedChess Q2Sw"]
[Site "chess.com INT"]
[Date "2022.11.12"]
[Round "7"]
[White "Biastoch, Bennet"]
[Black "Vifleemskaia, Svetlana"]
[Result "1-0"]
[WhiteTitle "FM"]
[BlackTitle "WFM"]
[WhiteElo "2232"]
[BlackElo "1947"]
[WhiteFideId "12939889"]
[BlackFideId "4129490"]
[EventDate "2022.11.12"]

1. e4 e5 2. Nf3 Nc6 3. Bc4 Nf6 4. Ng5 d5 5. exd5 Na5 6. Bb5+ c6 7. dxc6 bxc6 8.
Bd3 Ng4 9. Ne4 f5 10. Be2 h5 11. h3 fxe4 12. hxg4 h4 13. O-O h3 14. g3 h2+ 15.
Kh1 Be6 16. d3 Bd5 17. dxe4 Bxe4+ 18. f3 Qxd1 19. Bxd1 Bg6 20. b3 O-O-O 21. Bb2
Bd6 22. Nc3 e4 23. Nxe4 Bxe4 24. fxe4 Bxg3 25. Rf3 Bc7 26. Rd3 Rhf8 27. e5 Rf2
28. Rxd8+ Bxd8 29. Bd4 Rf4 30. Be3 Re4 31. Bf2 Rxe5 32. Kxh2 Bf6 33. Rb1 1-0

[Event "chess.com SpeedChess Q2Sw"]
[Site "chess.com INT"]
[Date "2022.11.12"]
[Round "7"]
[White "Ladan, Nicholas"]
[Black "Freile Martin, Javier"]
[Result "1-0"]
[BlackTitle "FM"]
[WhiteElo "2091"]
[BlackElo "2329"]
[WhiteFideId "30918855"]
[BlackFideId "3600165"]
[EventDate "2022.11.12"]

1. d4 Nf6 2. c4 g6 3. g3 Bg7 4. Bg2 d6 5. Nf3 O-O 6. O-O Nbd7 7. Nc3 e5 8. e4
exd4 9. Nxd4 Nc5 10. h3 a5 11. Re1 Nfd7 12. Be3 Ne5 13. b3 a4 14. Re2 axb3 15.
axb3 Rxa1 16. Qxa1 Nc6 17. Nxc6 bxc6 18. Bxc5 dxc5 19. Qc1 Qd3 20. Re3 Qd4 21.
Ne2 Qd6 22. Kh2 Bd4 23. Rd3 Qf6 24. f4 h5 25. e5 Qf5 26. Qd2 Rd8 27. Nxd4 cxd4
28. Rxd4 Rxd4 29. Qxd4 h4 30. Qd8+ Kg7 31. Qxh4 Qc2 32. Qf6+ Kh6 33. Qh8# 1-0

[Event "chess.com SpeedChess Q2Sw"]
[Site "chess.com INT"]
[Date "2022.11.12"]
[Round "7"]
[White "Musovic, Armin"]
[Black "Oparin, Grigoriy"]
[Result "0-1"]
[WhiteTitle "FM"]
[BlackTitle "GM"]
[WhiteElo "2276"]
[BlackElo "2683"]
[WhiteFideId "939935"]
[BlackFideId "24125890"]
[EventDate "2022.11.12"]

1. a3 a6 2. Nc3 h6 3. e4 e6 4. d4 b5 5. Nf3 Bb7 6. Bd3 d6 7. O-O Nd7 8. Re1 c5
9. Bf4 Ngf6 10. h3 cxd4 11. Nxd4 e5 12. Nf5 exf4 13. Bxb5 axb5 14. Nxb5 Ra6 15.
Nbxd6+ Bxd6 16. Nxd6+ Rxd6 17. Qxd6 Qe7 18. e5 Ne4 19. Qc7 Ndc5 20. Qb8+ Qd8 21.
Qa7 Qc8 22. b4 Ne6 23. Qa4+ Bc6 24. b5 N4c5 25. Qb4 Ba8 26. f3 O-O 27. a4 Ng5
28. Qxf4 Nce6 29. Qg3 Qxc2 30. Kh2 Nxf3+ 31. Kh1 Nxe1 32. Rxe1 Qxa4 33. Rb1 Qe4
34. Re1 Qd5 35. b6 Rb8 36. Rb1 Qe4 37. Re1 Qxg2+ 38. Qxg2 Bxg2+ 39. Kxg2 Rxb6
40. Re2 Rb4 41. Rd2 Rf4 42. Rd7 g5 43. Re7 Kg7 44. Re8 Rf5 45. Rxe6 fxe6 46. h4
Rxe5 47. hxg5 hxg5 48. Kf3 Kg6 49. Kg4 Re4+ 50. Kf3 Kf5 51. Kg2 g4 52. Kf1 Kg5
53. Kg2 Re3 54. Kh1 Rf3 55. Kg1 Kh4 56. Kh2 Rf2+ 57. Kh1 Kh3 0-1

[Event "chess.com SpeedChess Q2Sw"]
[Site "chess.com INT"]
[Date "2022.11.12"]
[Round "7"]
[White "Bortnyk, Olexandr"]
[Black "Ozen, Bahadir"]
[Result "1-0"]
[WhiteTitle "GM"]
[BlackTitle "IM"]
[WhiteElo "2604"]
[BlackElo "2369"]
[WhiteFideId "14120828"]
[BlackFideId "6337058"]
[EventDate "2022.11.12"]

1. e4 g6 2. d4 Bg7 3. Nf3 d6 4. Bc4 e6 5. Qe2 Ne7 6. O-O Nd7 7. e5 O-O 8. Rd1 a6
9. a4 b6 10. Bf4 Bb7 11. exd6 cxd6 12. Bxd6 Nf6 13. Be5 Rc8 14. Nbd2 Ned5 15. c3
a5 16. h3 Nh5 17. Bxg7 Kxg7 18. Bxd5 Qxd5 19. Qe5+ f6 20. Qxd5 exd5 21. Re1 Kf7
22. g3 g5 23. Kg2 h6 24. Nf1 Ng7 25. Ne3 Rfe8 26. Nc2 Rxe1 27. Rxe1 Bc6 28. Ra1
Nf5 29. Ne3 Nd6 30. Nd2 Re8 31. b4 Ra8 32. b5 Bb7 33. Rc1 Rc8 34. Kf1 Kg6 35.
Ke2 Kf7 36. Kd3 Ke7 37. Re1 Kf7 38. c4 dxc4+ 39. Nexc4 Nxc4 40. Nxc4 Bg2 41.
Nd6+ 1-0

[Event "chess.com SpeedChess Q2Sw"]
[Site "chess.com INT"]
[Date "2022.11.12"]
[Round "7"]
[White "Kovalenko, Igor"]
[Black "Boruchovsky, Avital"]
[Result "0-1"]
[WhiteTitle "GM"]
[BlackTitle "GM"]
[WhiteElo "2674"]
[BlackElo "2552"]
[WhiteFideId "14117908"]
[BlackFideId "2800055"]
[EventDate "2022.11.12"]

1. c4 e6 2. Nc3 d5 3. d4 c5 4. cxd5 cxd4 5. Qa4+ Bd7 6. Qxd4 exd5 7. Nf3 Nc6 8.
Qxd5 Nf6 9. Qd1 Bc5 10. e3 O-O 11. Be2 Qc7 12. O-O Rfd8 13. Nd5 Nxd5 14. Qxd5
Nb4 15. Qh5 g6 16. Qh4 Bc6 17. e4 Nc2 18. Bf4 Qe7 19. Ng5 h5 20. Rac1 Bxe4 21.
Bc4 Rf8 22. b4 Bxb4 23. Bg3 Bf5 24. Bb3 Rac8 25. Bxc2 Rxc2 26. Rxc2 Bxc2 27.
Qxb4 Qxb4 0-1

[Event "chess.com SpeedChess Q2Sw"]
[Site "chess.com INT"]
[Date "2022.11.12"]
[Round "7"]
[White "Talibov, Shiroghlan"]
[Black "Swiercz, Dariusz"]
[Result "1-0"]
[WhiteTitle "FM"]
[BlackTitle "GM"]
[WhiteElo "2316"]
[BlackElo "2646"]
[WhiteFideId "13429078"]
[BlackFideId "1126881"]
[EventDate "2022.11.12"]

1. e4 e5 2. Nf3 Nc6 3. Bb5 Nf6 4. O-O Nxe4 5. Re1 Nd6 6. d4 Nxb5 7. Nxe5 Be7 8.
Bg5 Nxe5 9. Bxe7 Kxe7 10. Rxe5+ Kf8 11. Rxb5 d6 12. Nc3 a6 13. Rb3 Rb8 14. Qf3
b5 15. Re1 Qf6 16. Qc6 Qd8 17. Qf3 Qf6 18. Qxf6 gxf6 19. Ne4 f5 20. Nf6 f4 21.
Rf3 Bf5 22. Rxf4 Bxc2 23. Nd7+ Kg7 24. Nxb8 Rxb8 25. Re7 Bg6 26. Rxc7 Re8 27. h4
Re2 28. g4 h5 29. b4 Rxa2 30. Rc6 Rb2 31. Rxa6 Rxb4 32. Rxd6 Rb1+ 33. Kh2 b4 34.
Rb6 b3 35. Rf3 Bc2 36. gxh5 Rd1 37. h6+ Kg8 38. Rg3+ Kh7 39. Rg7+ Kh8 40. Rb8# 1-0

[Event "chess.com SpeedChess Q2Sw"]
[Site "chess.com INT"]
[Date "2022.11.12"]
[Round "7"]
[White "Erdogdu, Mert"]
[Black "Feng, Eric"]
[Result "1-0"]
[WhiteTitle "GM"]
[WhiteElo "2413"]
[BlackElo "1885"]
[WhiteFideId "6301495"]
[BlackFideId "30952590"]
[EventDate "2022.11.12"]

1. e4 c6 2. d4 d5 3. exd5 cxd5 4. c4 Nf6 5. Nc3 Nc6 6. Bg5 e6 7. Nf3 Be7 8. c5
h6 9. Bf4 O-O 10. Bb5 Ne4 11. O-O Bf6 12. Rc1 Bd7 13. Bxc6 Bxc6 14. Ne5 Nxc3 15.
Rxc3 Bg5 16. Qd2 Bxf4 17. Qxf4 f5 18. h4 Rc8 19. Re1 Rf6 20. a3 Be8 21. Rg3 Bf7
22. b4 a6 23. Nd3 Qe8 24. Qe5 Kh8 25. Nf4 Qd7 26. Ree3 Qc7 27. Qxc7 Rxc7 28. Re5
Rc6 29. h5 Kg8 30. Rge3 b5 31. f3 Kf8 32. Kf2 Kg8 33. a4 Kh8 34. axb5 axb5 35.
Ra3 Kh7 36. Ra5 Bg8 37. Rxb5 Rf8 38. Ra5 Rb8 39. b5 Rc7 40. b6 Rc6 41. Ra7 Kh8
42. Ng6+ Kh7 43. Ne7 Rcxb6 44. cxb6 Rxb6 45. Ng6 Rb4 46. Ra8 Rxd4 47. Rxe6 Rd2+
48. Kg1 Rd1+ 49. Kh2 d4 50. Ree8 d3 51. Rxg8 Rh1+ 52. Kxh1 d2 53. Rh8# 1-0

[Event "chess.com SpeedChess Q2Sw"]
[Site "chess.com INT"]
[Date "2022.11.12"]
[Round "7"]
[White "Durarbayli, Vasif"]
[Black "Terry, Renato"]
[Result "1-0"]
[WhiteTitle "GM"]
[BlackTitle "IM"]
[WhiteElo "2612"]
[BlackElo "2516"]
[WhiteFideId "13402935"]
[BlackFideId "3803457"]
[EventDate "2022.11.12"]

1. e4 g6 2. d4 Bg7 3. Nc3 c6 4. Be3 d6 5. Qd2 Nd7 6. f4 b5 7. Nf3 Nb6 8. Bd3 Nc4
9. Bxc4 bxc4 10. O-O Nf6 11. Qe2 d5 12. e5 Ng4 13. h3 Nxe3 14. Qxe3 h5 15. Na4
Bf5 16. Rf2 h4 17. Nc5 e6 18. b4 Qb6 19. c3 Bf8 20. Rb2 Be7 21. a4 Rb8 22. Qf2
Qd8 23. Raa2 Kf8 24. b5 Qc8 25. Rb4 Kg7 26. Rab2 Rb6 27. Qe1 Qc7 28. Kh2 Qc8 29.
Qa1 Qc7 30. a5 Rxb5 31. Rxb5 cxb5 32. Rxb5 Qc6 33. Qb2 Rc8 34. Rb7 Rc7 35. a6
Bxc5 36. dxc5 Qxc5 37. Rxc7 Qxc7 38. Qb7 Qc5 39. Ng5 Qf8 40. Qxa7 d4 41. Qxd4 1-0

[Event "chess.com SpeedChess Q2Sw"]
[Site "chess.com INT"]
[Date "2022.11.12"]
[Round "7"]
[White "Filgueira, Hernan"]
[Black "Bilan, Danila"]
[Result "1-0"]
[WhiteTitle "IM"]
[BlackTitle "FM"]
[WhiteElo "2283"]
[BlackElo "2303"]
[WhiteFideId "101770"]
[BlackFideId "24161918"]
[EventDate "2022.11.12"]

1. e4 c6 2. Nc3 d5 3. Nf3 Bg4 4. h3 Bxf3 5. Qxf3 e6 6. a3 Nd7 7. d3 g6 8. g3 Bg7
9. Bg2 Ngf6 10. O-O O-O 11. Qe2 dxe4 12. dxe4 e5 13. Be3 Qc7 14. Rfd1 Rad8 15.
Rd2 Nb6 16. Rad1 Rxd2 17. Rxd2 Rd8 18. Nb1 Rxd2 19. Nxd2 Nfd7 20. b3 Bf8 21. a4
Bc5 22. a5 Bxe3 23. Qxe3 Nc8 24. Nc4 b5 25. axb6 axb6 26. Qc3 Nd6 27. Nxe5 Nxe4
28. Bxe4 Nxe5 29. f4 f5 30. Bd5+ Kf8 31. fxe5 Qa7 1-0

[Event "chess.com SpeedChess Q2Sw"]
[Site "chess.com INT"]
[Date "2022.11.12"]
[Round "7"]
[White "Mikaelyan, Arman"]
[Black "Xiong, Jeffery"]
[Result "0-1"]
[WhiteTitle "GM"]
[BlackTitle "GM"]
[WhiteElo "2556"]
[BlackElo "2692"]
[WhiteFideId "13304852"]
[BlackFideId "2047640"]
[EventDate "2022.11.12"]

1. d4 d5 2. Nf3 e6 3. Bf4 c5 4. e3 Qb6 5. Nc3 a6 6. dxc5 Bxc5 7. Rb1 Nf6 8. Bd3
Be7 9. O-O Nbd7 10. e4 dxe4 11. Nxe4 Nc5 12. Nxf6+ Bxf6 13. Be5 Bd7 14. b4 Nxd3
15. Qxd3 Bc6 16. Bxf6 gxf6 17. g3 Rd8 18. Qc3 Ke7 19. Rbd1 Rc8 20. Nd4 Rhd8 21.
Qe3 Qxb4 22. Nf5+ Ke8 23. Ng7+ Ke7 24. Nf5+ Ke8 25. Ng7+ Kf8 26. Qh6 Rxd1 27.
Rxd1 Ke7 28. Qe3 Be4 29. f3 Bxc2 30. Rd2 Qc5 0-1

[Event "chess.com SpeedChess Q2Sw"]
[Site "chess.com INT"]
[Date "2022.11.12"]
[Round "7"]
[White "Zhu, Jiner"]
[Black "Sreyas, Payyappat"]
[Result "0-1"]
[WhiteTitle "WGM"]
[BlackTitle "FM"]
[WhiteElo "2486"]
[BlackElo "2145"]
[WhiteFideId "8608059"]
[BlackFideId "46674969"]
[EventDate "2022.11.12"]

1. e4 c6 2. Nc3 d5 3. Nf3 dxe4 4. Nxe4 Nf6 5. Qe2 Nxe4 6. Qxe4 Nd7 7. Bc4 Nf6 8.
Ne5 e6 9. Qe2 b5 10. Nxc6 Qb6 11. Bxb5 Bd7 12. Nxa7 Rxa7 13. Bxd7+ Rxd7 14. O-O
Bc5 15. c3 O-O 16. b4 Bd6 17. a4 Ra8 18. a5 Qc7 19. g3 Nd5 20. Bb2 Be7 21. a6
Bf6 22. b5 Qb6 23. d4 Nc7 24. Qe4 Qxb5 25. Rfb1 Rxa6 26. Ba3 Qd5 27. Qf4 h6 28.
Rb8+ Kh7 29. h4 Nb5 30. Bb2 Rxa1+ 31. Bxa1 Qa2 32. Qc1 Ra7 33. Bb2 Nd6 34. Qc2+
g6 35. h5 Nc4 36. hxg6+ fxg6 37. Qe2 Nxb2 38. Rxb2 Qd5 39. Rb8 Ra1+ 40. Qf1
Rxf1+ 0-1

[Event "chess.com SpeedChess Q2Sw"]
[Site "chess.com INT"]
[Date "2022.11.12"]
[Round "7"]
[White "Fedoseev, Vladimir3"]
[Black "Rasulov, Vugar"]
[Result "1-0"]
[WhiteTitle "GM"]
[BlackTitle "GM"]
[WhiteElo "2688"]
[BlackElo "2525"]
[WhiteFideId "24130737"]
[BlackFideId "13402390"]
[EventDate "2022.11.12"]

1. Nf3 Nf6 2. g3 g6 3. Bg2 Bg7 4. O-O O-O 5. c4 d5 6. cxd5 Nxd5 7. Qc2 Nc6 8. a3
e5 9. d3 Re8 10. e4 Nb6 11. Be3 a5 12. Nbd2 h6 13. Rac1 a4 14. Rfd1 Be6 15. Qc3
Kh7 16. h3 f5 17. Kh2 f4 18. Bc5 fxg3+ 19. fxg3 Nd7 20. Be3 Rf8 21. Rf1 Rf7 22.
Rf2 Qe7 23. Rcf1 Raf8 24. Qc2 Nd4 25. Qxc7 Qc5 26. Qxb7 Rb8 27. Qa6 Rxb2 28.
Bxd4 exd4 29. Qxe6 Re7 30. Qa6 Qc3 31. Nb1 Qb3 32. Rxb2 Qxb2 33. Qxa4 Nc5 34.
Qc4 Rc7 35. a4 Qe2 36. Nbd2 Rc8 37. a5 h5 38. a6 Bh6 39. a7 Bxd2 40. Nxd2 Qxd2
41. Rf7+ Kh6 42. Qxc5 Rxc5 43. a8=Q Rc2 44. Qf8+ Kg5 45. h4+ Kg4 46. Rf4+ 1-0

[Event "chess.com SpeedChess Q2Sw"]
[Site "chess.com INT"]
[Date "2022.11.12"]
[Round "7"]
[White "Naroditsky, Daniel"]
[Black "Eljanov, Pavel"]
[Result "1-0"]
[WhiteTitle "GM"]
[BlackTitle "GM"]
[WhiteElo "2617"]
[BlackElo "2706"]
[WhiteFideId "2026961"]
[BlackFideId "14102951"]
[EventDate "2022.11.12"]

1. e4 e5 2. Nf3 Nc6 3. Bb5 Bc5 4. d3 Nge7 5. Be3 Bb6 6. O-O O-O 7. Nbd2 d5 8.
Bxb6 axb6 9. Re1 f6 10. c3 Bg4 11. h3 Bh5 12. Qc2 Kh8 13. b4 dxe4 14. dxe4 Nc8
15. Be2 Bf7 16. Nf1 Nd6 17. Ne3 Ne7 18. a3 b5 19. c4 bxc4 20. Nxc4 Nxc4 21. Bxc4
Bxc4 22. Qxc4 c6 23. Red1 Qc7 24. a4 Ng6 25. a5 Nf4 26. Kh2 Qf7 27. Qxf7 Rxf7
28. g3 Ne6 29. Rd6 Ng5 30. Nd2 Rc7 31. Rd1 Nf7 32. Rd3 Kg8 33. Nc4 Kf8 34. Rd7
Rxd7 35. Rxd7 Rb8 36. h4 h5 37. Kg2 Ke8 38. Rc7 g5 39. hxg5 fxg5 40. Nb6 Nd6 41.
Rg7 g4 42. Rg8+ 1-0

[Event "chess.com SpeedChess Q2Sw"]
[Site "chess.com INT"]
[Date "2022.11.12"]
[Round "7"]
[White "Salem, A.R. Saleh"]
[Black "Vogel, Roven"]
[Result "1-0"]
[WhiteTitle "GM"]
[BlackTitle "IM"]
[WhiteElo "2677"]
[BlackElo "2461"]
[WhiteFideId "9301348"]
[BlackFideId "12908088"]
[EventDate "2022.11.12"]

1. d4 d5 2. c4 c6 3. Nc3 Nf6 4. Nf3 e6 5. g3 Nbd7 6. Bg2 dxc4 7. e4 b5 8. O-O
Bb7 9. e5 Nd5 10. Ng5 h6 11. Nge4 Be7 12. Qg4 Kf8 13. h4 h5 14. Qf3 Kg8 15. Bg5
f6 16. exf6 gxf6 17. Bh3 Nc7 18. Bf4 f5 19. Ng5 Nf8 20. Rfe1 Rh6 21. Nf7 Kxf7
22. Bxh6 Kg6 23. Bf4 Nd5 24. Re2 Bf6 25. Be5 Bxe5 26. Rxe5 Qf6 27. Rae1 Bc8 28.
Bf1 Bd7 29. Be2 Qh8 30. Bd1 Rd8 31. Nxd5 cxd5 32. Qa3 Kf7 33. Qxa7 Kf6 34. Qc7
Ng6 35. R5e3 Qh6 36. Qxd8+ 1-0

[Event "chess.com SpeedChess Q2Sw"]
[Site "chess.com INT"]
[Date "2022.11.12"]
[Round "7"]
[White "Harsha, Bharathakoti"]
[Black "Sevian, Samuel"]
[Result "0-1"]
[WhiteTitle "GM"]
[BlackTitle "GM"]
[WhiteElo "2582"]
[BlackElo "2687"]
[WhiteFideId "5078776"]
[BlackFideId "2040506"]
[EventDate "2022.11.12"]

1. Nf3 Nf6 2. b3 b6 3. g3 Bb7 4. Bg2 e5 5. d3 d6 6. c4 g6 7. Nc3 a5 8. a3 Bg7 9.
Rb1 O-O 10. O-O Nbd7 11. b4 axb4 12. axb4 h6 13. Bb2 Re8 14. Qb3 Nf8 15. Nd5 Ne6
16. e3 b5 17. Nd2 bxc4 18. dxc4 Rb8 19. Qd3 Ba6 20. Ba3 Nd7 21. Rfc1 h5 22. h4
f5 23. Qc2 e4 24. Bb2 Ne5 25. Ra1 Bb7 26. Rcb1 c6 27. Nc3 Nd3 28. Nb3 Nxb4 29.
Qd2 Nd3 30. Nc1 Nec5 31. Ra2 Bc8 32. Nxd3 Nxd3 33. Bf1 Ne5 34. Be2 Be6 35. Ra4
g5 36. hxg5 Qxg5 37. Qxd6 Rbd8 38. Qc7 h4 39. Kg2 Rd7 40. Qb6 hxg3 41. fxg3 Rd2
42. Bc1 Rc2 43. Qb3 Rxc3 44. Qxc3 Nd3 45. Qd2 Be5 46. Bxd3 Bxg3 47. Kf1 exd3 48.
Qg2 f4 49. exf4 Bxc4 50. Ra8 d2+ 0-1

[Event "chess.com SpeedChess Q2Sw"]
[Site "chess.com INT"]
[Date "2022.11.12"]
[Round "7"]
[White "Pranav, V"]
[Black "Artemiev, Vladislav"]
[Result "1-0"]
[WhiteTitle "IM"]
[BlackTitle "GM"]
[WhiteElo "2548"]
[BlackElo "2701"]
[WhiteFideId "25060783"]
[BlackFideId "24101605"]
[EventDate "2022.11.12"]

1. e4 e5 2. Nf3 Nc6 3. Bc4 Bc5 4. c3 Bb6 5. O-O Nf6 6. d3 d6 7. Re1 Ne7 8. h3
O-O 9. a4 c6 10. Nbd2 Ng6 11. Nf1 d5 12. Bb3 h6 13. Ng3 Re8 14. Qc2 Be6 15. exd5
Bxd5 16. Ne4 Nh5 17. c4 Be6 18. c5 Bc7 19. Be3 Qd7 20. Bxe6 Qxe6 21. Rad1 Rad8
22. b4 Nhf4 23. Ng3 Qd5 24. Bxf4 Nxf4 25. Re3 Ne6 26. Rde1 Nd4 27. Nxd4 Qxd4 28.
Nf5 Qd7 29. Rf3 h5 30. Re4 Kh7 31. Rh4 g6 32. Qc1 Kg8 33. Qh6 Qxf5 34. Rxf5 gxf5
35. Rxh5 1-0

[Event "chess.com SpeedChess Q2Sw"]
[Site "chess.com INT"]
[Date "2022.11.12"]
[Round "7"]
[White "Chigaev, Maksim"]
[Black "Jumabayev, Rinat"]
[Result "1-0"]
[WhiteTitle "GM"]
[BlackTitle "GM"]
[WhiteElo "2632"]
[BlackElo "2620"]
[WhiteFideId "4108116"]
[BlackFideId "13702661"]
[EventDate "2022.11.12"]

1. c4 e5 2. g3 Nf6 3. Bg2 d5 4. cxd5 Nxd5 5. Nf3 Nc6 6. O-O Nb6 7. b3 Be7 8. Bb2
Bf6 9. Nc3 Bf5 10. d3 O-O 11. Nd2 Re8 12. Rc1 a5 13. Nde4 Be7 14. h3 Qd7 15. g4
Be6 16. Ng3 a4 17. bxa4 Ra5 18. a3 Rea8 19. Nge4 Nd4 20. e3 Nb3 21. Rb1 c5 22.
Kh1 f6 23. f4 exf4 24. exf4 Rd8 25. f5 Bf7 26. g5 fxg5 27. f6 gxf6 28. Nxf6+
Bxf6 29. Rxf6 Nd5 30. Rxf7 Qxf7 31. Nxd5 Rxd5 32. Qxb3 Rd7 33. Qc3 1-0

[Event "chess.com SpeedChess Q2Sw"]
[Site "chess.com INT"]
[Date "2022.11.12"]
[Round "7"]
[White "Parkhov, Yair"]
[Black "Costachi, Mihnea"]
[Result "1-0"]
[WhiteTitle "IM"]
[BlackTitle "IM"]
[WhiteElo "2470"]
[BlackElo "2476"]
[WhiteFideId "2813408"]
[BlackFideId "1217518"]
[EventDate "2022.11.12"]

1. c4 Nf6 2. Nc3 g6 3. e4 d6 4. d4 Bg7 5. Be2 O-O 6. h4 c5 7. d5 e6 8. h5 exd5
9. exd5 b5 10. cxb5 Re8 11. Kf1 a6 12. a4 axb5 13. Bxb5 Ba6 14. hxg6 Bxb5+ 15.
Nxb5 hxg6 16. Ra3 Na6 17. Bh6 Qa5 18. Ne2 Nb4 19. Nxd6 Nbxd5 20. Nxe8 Rxe8 21.
Bxg7 Kxg7 22. Qc1 Ng4 23. Rah3 Qa6 24. Qd1 Nf4 25. Rh7+ Kf6 26. Rxf7+ Kxf7 27.
Qd7+ Kf6 28. Qxe8 Nxe2 29. Qxe2 Qxa4 30. Rh3 Qa1+ 31. Qe1 Qxb2 32. Rf3+ Kg5 33.
Qe7+ Nf6 34. Qe3+ Kh5 35. Rh3+ Kg4 36. Rg3+ Kf5 37. Rg5# 1-0

[Event "chess.com SpeedChess Q2Sw"]
[Site "chess.com INT"]
[Date "2022.11.12"]
[Round "7"]
[White "Ilkhomi, Jaloliddin"]
[Black "Liyanage, Ranindu Dilshan"]
[Result "0-1"]
[WhiteTitle "FM"]
[BlackTitle "FM"]
[WhiteElo "2145"]
[BlackElo "2331"]
[WhiteFideId "14700948"]
[BlackFideId "9915834"]
[EventDate "2022.11.12"]

1. d4 Nf6 2. Nf3 e6 3. Bf4 b6 4. e3 Bb7 5. Nbd2 Nh5 6. Bg5 Be7 7. Bxe7 Qxe7 8.
Bd3 f5 9. c3 O-O 10. Qe2 c5 11. h3 Nf6 12. e4 cxd4 13. Nxd4 fxe4 14. Nxe4 d5 15.
Nxf6+ Qxf6 16. O-O e5 17. Nb5 Nd7 18. Rad1 Nc5 19. Bc2 Rae8 20. b4 Ne6 21. Bb3
Nf4 22. Qf3 Kh8 23. Rfe1 Re7 24. Qg3 a6 25. Na3 d4 26. cxd4 exd4 27. Rxe7 Qxe7
28. Kh2 Nh5 29. Qg4 Rxf2 30. Qxh5 Rxg2+ 31. Kh1 Rg5+ 32. Kh2 Qe5# 0-1

[Event "chess.com SpeedChess Q2Sw"]
[Site "chess.com INT"]
[Date "2022.11.12"]
[Round "7"]
[White "Boros, Denes"]
[Black "Costello, Alexander"]
[Result "1-0"]
[WhiteTitle "GM"]
[BlackTitle "IM"]
[WhiteElo "2402"]
[BlackElo "2224"]
[WhiteFideId "722340"]
[BlackFideId "2099659"]
[EventDate "2022.11.12"]

1. d4 Nf6 2. Nc3 d5 3. Nf3 Bf5 4. Nh4 Bd7 5. Bg5 e6 6. Nf3 Be7 7. e3 c5 8. dxc5
O-O 9. Bd3 h6 10. Bf4 Bxc5 11. g4 Nc6 12. g5 Nh5 13. gxh6 Nxf4 14. exf4 gxh6 15.
Qd2 Qf6 16. O-O-O Kh8 17. Ne5 Nxe5 18. fxe5 Qg5 19. f4 Qh4 20. Kb1 Rg8 21. a3
Rg4 22. Rdf1 Rag8 23. f5 Rg2 24. Ne2 exf5 25. e6 Rxe2 26. Qxe2 Bxe6 27. Qe5+ Rg7
28. Bxf5 Bd4 29. Qd6 Bxf5 30. Rxf5 Qe4 31. Qxd5 Qxd5 32. Rxd5 Bb6 33. Rd7 Kg8
34. Rxb7 Rg2 35. c4 f5 36. Rd1 f4 37. c5 Bxc5 38. Rd8+ Bf8 39. Rbb8 Kg7 40. Rxf8 1-0

[Event "chess.com SpeedChess Q2Sw"]
[Site "chess.com INT"]
[Date "2022.11.12"]
[Round "7"]
[White "Yuan, Qingyu"]
[Black "Bluebaum, Matthias"]
[Result "0-1"]
[BlackTitle "GM"]
[WhiteElo "2373"]
[BlackElo "2651"]
[WhiteFideId "8609772"]
[BlackFideId "24651516"]
[EventDate "2022.11.12"]

1. e4 e6 2. d4 d5 3. e5 c5 4. c3 Nc6 5. Nf3 Nge7 6. Na3 Bd7 7. Nc2 Qa5 8. Bd2
Qb6 9. Rb1 Nf5 10. g4 Nfe7 11. Bd3 h5 12. Rg1 hxg4 13. Rxg4 Nf5 14. Kf1 g6 15.
Bg5 cxd4 16. cxd4 Be7 17. Bd2 a5 18. b3 Nb4 19. Bxb4 axb4 20. Rb2 Bb5 21. Kg2
Qa6 22. Bxb5+ Qxb5 23. Ne3 Kd7 24. Rc2 Nxe3+ 25. fxe3 Rhc8 26. Rf4 Ke8 27. Ne1
Rxc2+ 28. Qxc2 Bg5 29. Rf3 Qc6 30. Qe2 Qa6 31. Qf2 Qxa2 32. Nd3 Qxf2+ 33. Rxf2
Bxe3 34. Re2 Bxd4 35. Nxb4 Bc3 36. Nd3 Ra3 37. b4 b6 38. h3 Ke7 39. Rc2 d4 40.
Kf2 Kd7 41. Ke2 Kc6 42. Rc1 Kd5 43. Rf1 Ra2+ 44. Kf3 Kc4 45. Ke4 Re2+ 46. Kf3
Kxd3 0-1

[Event "chess.com SpeedChess Q2Sw"]
[Site "chess.com INT"]
[Date "2022.11.12"]
[Round "7"]
[White "Lakshmi, C"]
[Black "Primbetov, Kazbek"]
[Result "1-0"]
[WhiteTitle "WFM"]
[BlackTitle "FM"]
[WhiteElo "1956"]
[BlackElo "2156"]
[WhiteFideId "25035347"]
[BlackFideId "13702297"]
[EventDate "2022.11.12"]

1. e4 c5 2. Nf3 e6 3. d4 cxd4 4. Nxd4 a6 5. c4 Nf6 6. Nc3 Bb4 7. Qd3 d6 8. Nc2
Ba5 9. Bf4 Nc6 10. Bxd6 Nxe4 11. c5 Nxc3 12. bxc3 Qf6 13. O-O-O Qxc3 14. Qxc3
Bxc3 15. Bc4 Bd7 16. Rd3 Bf6 17. f4 O-O-O 18. Bb3 h5 19. Na3 Nb4 20. Re3 Bd4 21.
Rg3 h4 22. Rf3 Bc6 23. Nc4 Bxf3 24. Nb6# 1-0